| 000 | 00862nam a2200253Ia 4500 | ||
|---|---|---|---|
| 003 | OSt | ||
| 005 | 20220926033919.0 | ||
| 006 | a|||||r|||| 00| 0 | ||
| 007 | ta | ||
| 008 | 220923b |||||||| |||| 00| 0 eng d | ||
| 020 |
_a9780857930224 _c12875.629999999999 |
||
| 037 |
_bBBS/ 193, 28/03/2012, Better Book Service _cGeneral Book |
||
| 040 |
_aRTL _cRTL _beng |
||
| 041 |
_2eng _aeng |
||
| 082 | _aX9n.1s, Q1 | ||
| 110 |
_aUNITED NATIONS INDUSTRIAL DEVELOPMENT ORGANIZATION _9236254 |
||
| 245 | 0 | _aInternational yearbook of industrial statistics | |
| 260 |
_aVienna _bUNIDO _c2011 |
||
| 490 | _v01476481: 2011 (viii, 760p) | ||
| 650 | _aEconomics | ||
| 700 |
_aUNITED NATIONS INDUSTRIAL DEVELOPMENT ORGANIZATION _9236255 |
||
| 942 |
_hX9n.1s, Q1 _cGB _2CC |
||
| 999 |
_c658288 _d658288 |
||